[Event "Loire-ch op 0405"]
[Site "Loire"]
[Date "2005.04.09"]
[Round "5"]
[White "Simon, Joel"]
[Black "Roche, Marius"]
[Result "0-1"]
[WhiteElo "1710"]
[BlackElo "1770"]
[PlyCount "82"]
[EventDate "2004.10.16"]
[EventType "swiss"]
[EventRounds "9"]
[EventCountry "FRA"]
[SourceTitle "EXT 2008"]
[Source "ChessBase"]
[SourceDate "2007.11.25"]
[SourceVersion "1"]
[SourceVersionDate "2007.11.25"]
[SourceQuality "1"]

1. d4 g6 2. e4 d6 3. f4 Bg7 4. Nf3 c6 5. Nc3 Bg4 6. Be2 Qb6 7. Na4 Qa5+ 8. Nc3 Nd7 9. Be3 Qb6 10. Rb1 e5 11. Na4 Qa5+ 12. c3 Ngf6 13. b4 Qc7 14. Qd3 0-0 15. 0-0 Rfe8 16. h3 exf4 17. Bxf4 Be6 18. Nb2 Nh5 19. Ng5 Nxf4 20. Rxf4 h6 21. Nxe6 Rxe6 22. Bg4 Re7 23. Rbf1 a5 24. b5 c5 25. Qf3 Rf8 26. Bxd7 Rxd7 27. d5 c4 28. a4 Qb6+ 29. Kh1 Qc5 30. Qe2 Rc7 31. Qd2 Be5 32. R4f3 Bg7 33. g4 Re7 34. Qe2 Rfe8 35. Qxc4 Qxc4 36. Nxc4 Rc8 37. Ne3 Rxc3 38. Kg2 Rec7 39. Nd1 Rxf3 40. Kxf3 Rc4 41. Ne3 Rxa4 0-1